ბათუმის შოთა რუსთაველის სახელმწიფო უნივერსიტეტის ბიბლიოთეკა

ქართული პროზა:წ.8:მოთხრობები.ილია ჭავჭავაძე (ბიბ.ჩანაწერი № 43714)

000 -LEADER
fixed length control field 00836nam a2200205Ia 4500
001 - CONTROL NUMBER
control field 10455
003 - CONTROL NUMBER IDENTIFIER
control field GE_BSU
008 - FIXED-LENGTH DATA ELEMENTS--GENERAL INFORMATION
fixed length control field 181216s||||||||xx |||||||||||||| ||und||
020 ## - INTERNATIONAL STANDARD BOOK NUMBER
International Standard Book Number 9789992895269
040 ## - CATALOGING SOURCE
Transcribing agency GE_BSU
080 ## - UNIVERSAL DECIMAL CLASSIFICATION NUMBER
Universal Decimal Classification number 821.353.1–3+821.353.1–32
245 ## - TITLE STATEMENT
Title ქართული პროზა:წ.8:მოთხრობები.ილია ჭავჭავაძე
245 ## - TITLE STATEMENT
Statement of responsibility, etc. შემდგ:გ.გვერდწითელი; რედ:ნ.აბესაძე;მხატვ:დ.დუნდუა
260 ## - PUBLICATION, DISTRIBUTION, ETC.
Place of publication, distribution, etc. თბილისი
260 ## - PUBLICATION, DISTRIBUTION, ETC.
Name of publisher, distributor, etc. საბჭოთა საქართველო
260 ## - PUBLICATION, DISTRIBUTION, ETC.
Date of publication, distribution, etc. 1984
300 ## - PHYSICAL DESCRIPTION
Extent 512გვ;20სმ.
653 ## - INDEX TERM--UNCONTROLLED
Uncontrolled term ქართული პროზა:წ.8:მოთხრობები.ილია ჭავჭავაძე
942 ## - ADDED ENTRY ELEMENTS (KOHA)
Koha item type წიგნი
ეგზემპლარები
Withdrawn status Lost status Damaged status Not for loan Date acquired Barcode Date last seen Price effective from Koha item type
        2018-12-17 34207 2018-12-17 2018-12-17 წიგნი
        2018-12-17 34208 2018-12-17 2018-12-17 წიგნი